[Event "Spring op"]
[Site "Budapest"]
[Date "1989.??.??"]
[Round "?"]
[White "Tseshkovsky, Vitaly"]
[Black "Mihalko, Jozsef"]
[Result "1-0"]
[WhiteElo "2520"]
[BlackElo "2225"]

1.e4 c5 2.Nf3 Nc6 3.Bb5 g6 4.O-O Bg7 5.Re1 Nf6 6.Nc3 O-O 7.e5 Ne8 8.Bxc6 dxc6
9.h3 Nc7 10.d3 Ne6 11.Ne4 Qc7 12.Neg5 h6 13.Nxe6 Bxe6 14.Bf4 Kh7 15.Qe2 Rad8
16.b3 a5 17.a4 b6 18.Qe3 Qc8 19.Rab1 Rd5 20.Nd2 Rfd8 21.Bg3 Bf5 22.Nc4 Qa6
23.Qf3 Be6 24.Ne3 Rd4 25.Qxc6 Rc8 26.Qf3 b5 27.axb5 Qxb5 28.Nc4 Qb4 29.Qe2 Ra8
30.Nd2 a4 31.Rec1 Qa5 32.bxa4 Rxa4 33.Qe3 Ra3 34.Nb3 Bxb3 35.cxb3 Rb8 36.e6 Rbxb3
37.Rxb3 Rxb3 38.exf7 Bf8 39.Kh2 Qa3 40.Qf4 Rxd3 41.Qb8 Kg7 42.Rc4 Rd5 43.Be5+ Kxf7
44.Rf4+ Ke6 45.Bb2 Qd3 46.Rxf8 c4 47.Qc8+ Rd7 48.Rd8 Qd6+ 49.g3 Qd2 50.Qxd7+ Qxd7  1-0

[Event "Buenos Aires BCA op"]
[Site "Buenos Aires"]
[Date "1989.??.??"]
[Round "3"]
[White "Cativelli, Gerardo"]
[Black "Schwanek, Carlos"]
[Result "1-0"]
[WhiteElo "2250"]
[BlackElo "2405"]

1.e4 c5 2.Nf3 Nc6 3.Bb5 g6 4.O-O Bg7 5.c3 Nf6 6.Re1 O-O 7.d3 Qb6 8.Ba4 d6
9.Nbd2 Bg4 10.h3 Bd7 11.Bc2 Qc7 12.Nf1 b5 13.Bg5 h6 14.Bd2 e5 15.Be3 Nh5
16.Rc1 Nd8 17.Qd2 Kh7 18.d4 Nb7 19.Kh1 Rad8 20.Ng1 Bc6 21.d5 Bd7 22.Ne2 Rde8
23.Nfg3 Nxg3+ 24.Nxg3 h5 25.Nf1 Nd8 26.Nh2 f6 27.Rf1 f5 28.exf5 Bxf5 29.Nf3 e4
30.Nh4 Kg8 31.Nxf5 gxf5 32.Bf4 Nf7 33.f3 exf3 34.Rxf3 Ne5 35.Rg3 h4 36.Rg5 Qd7
37.Qf2 Qf7 38.Rxf5 Qxd5 39.Qxh4 Rxf5 40.Bxf5 Nf7 41.Qh7+ Kf8 42.Rf1 Re2 43.Qg6 Bf6
44.Bd3 Re6 45.Bxb5 c4 46.Bh6+ Ke7 47.Bg7 Qe5 48.Bxc4  1-0

[Event "Buenos Aires BCA op"]
[Site "Buenos Aires"]
[Date "1989.??.??"]
[Round "5"]
[White "Lida, Fidel Ernesto"]
[Black "Szmetan, Jorge"]
[Result "0-1"]
[WhiteElo "2330"]
[BlackElo "2420"]

1.Nf3 c5 2.e4 Nc6 3.Bb5 d6 4.O-O Bd7 5.c3 a6 6.Ba4 Nf6 7.Bc2 Bg4 8.h3 Bh5
9.d3 e6 10.Re1 Be7 11.Nbd2 O-O 12.Nf1 d5 13.Ng3 Bg6 14.Nh4 d4 15.Nxg6 hxg6
16.f4 Nd7 17.Rf1 b5 18.Ne2 Nb6 19.a4 Bf6 20.axb5 axb5 21.Rxa8 Nxa8 22.Kh1 Nb6
23.Qe1 e5 24.Bd2 Qd7 25.cxd4 exd4 26.Ba5 Bd8 27.Bd2 c4 28.Qb1 Be7 29.Kh2 Rd8
30.Rf3 Bb4 31.Qe1 Qe7 32.Qd1 Bxd2 33.Qxd2 Qb4 34.Qc1 Qc5 35.Qd2 Nb4 36.b3 c3
37.Qd1 Ra8 38.Nc1 Ra1 39.Rf1 Na2  0-1

[Event "Cappelle op"]
[Site "Cappelle"]
[Date "1989.??.??"]
[Round "?"]
[White "Luczak, Andrzej"]
[Black "Feher, Gyula"]
[Result "1/2-1/2"]
[WhiteElo "2315"]
[BlackElo "2410"]

1.e4 c5 2.Nf3 Nc6 3.Bb5 e6 4.Qe2 Nge7 5.c3 d5 6.d3 a6 7.Ba4 b5 8.Bc2 Bb7
9.Nbd2 Ng6 10.Nf1 dxe4 11.dxe4 Qc7 12.Ng3 h5 13.Qe3 h4 14.Ne2 Bd6 15.h3 e5
16.O-O Nd8 17.a4 Ne6 18.axb5 axb5 19.Rxa8+ Bxa8 20.Ng5 Nef4 21.Nxf4 Nxf4
22.Qe1 Qe7 23.Bxf4 exf4 24.Nf3 O-O 25.Qe2 Bc6 26.Re1 Re8 27.Bd3 c4 28.Bc2 Bc5
29.Nd4 Bd7 30.e5 Qg5 31.Kh1 g6 32.Qe4 Bxd4 33.cxd4 Bf5 34.Qc6 Rc8 35.Qb7 f3
36.gxf3 Qd2 37.Bxf5 Qxe1+ 38.Kg2 Rf8 39.Be4 Qd2 40.Qb6 Qg5+  1/2-1/2

[Event "Cappelle op"]
[Site "Cappelle"]
[Date "1989.??.??"]
[Round "?"]
[White "Georgiev, Krum"]
[Black "Feher, Gyula"]
[Result "1-0"]
[WhiteElo "2485"]
[BlackElo "2410"]

1.e4 c5 2.Nf3 Nc6 3.Bb5 e6 4.O-O Nge7 5.b3 Qb6 6.Na3 Ng6 7.Bb2 a6 8.Nc4 Qc7
9.Bxc6 Qxc6 10.d4 cxd4 11.Nxd4 Qxe4 12.Re1 Qf4 13.Nb6 Rb8 14.Nd5 f6  1-0

[Event "Chanac op"]
[Site "Chanac"]
[Date "1989.??.??"]
[Round "?"]
[White "Weill, Roland"]
[Black "Ochoa de Echaguen, F Javier"]
[Result "1/2-1/2"]
[WhiteElo "2225"]
[BlackElo "2435"]

1.e4 c5 2.Nf3 Nc6 3.Bb5 g6 4.O-O Bg7 5.Re1 a6 6.Bxc6 dxc6 7.d3 Nf6 8.Nc3 O-O
9.h3 Ne8 10.Be3 b6 11.Qd2 e5 12.Bh6 f6 13.Nd1 Ra7 14.b3 Nc7 15.Bxg7 Kxg7
16.b4 cxb4 17.Qxb4 Ne6 18.Ne3 c5 19.Qb2 Nd4 20.Nxd4 cxd4 21.Nd5 Rb7 22.c3 dxc3
23.Qxc3 Be6  1/2-1/2

[Event "Cheliabinsk"]
[Site "Cheliabinsk"]
[Date "1989.??.??"]
[Round "?"]
[White "Sorokin, Maxim"]
[Black "Galliamova, Alisa"]
[Result "1-0"]
[WhiteElo "2420"]
[BlackElo "2370"]

1.e4 c5 2.Nf3 Nc6 3.Bb5 g6 4.O-O Bg7 5.Re1 Nf6 6.e5 Nd5 7.Nc3 Nc7 8.Bxc6 dxc6
9.Ne4 b6 10.b3 O-O 11.Bb2 Bg4 12.d3 Ne6 13.Ned2 Ng5 14.h3 Bh5 15.Kh2 f5 16.exf6 Bxf6
17.Bxf6 Rxf6 18.g4 Qd5 19.Nxg5 Rxf2+ 20.Kg3 Rg2+ 21.Kh4 Bxg4 22.Qxg4 Rxg4+
23.hxg4 Qg2 24.Ngf3 Rf8 25.Re4 g5+ 26.Kxg5 Qh3 27.Re6 Rf6 28.Rxf6 exf6+ 29.Kf5 Kf7
30.Rg1 b5 31.Kf4 Qh6+ 32.g5 fxg5+ 33.Nxg5+ Ke7 34.Re1+ Kd7 35.Nf3 Qf6+ 36.Ke3 Qc3
37.Re2 h6 38.Ne4 Qg7 39.Nxc5+ Kc8 40.Ne4 h5 41.Rh2 Qh6+ 42.Ke2 Kc7 43.c4 bxc4
44.bxc4 a5 45.a4 Qg6 46.Rh4 Kb6 47.Rf4 Qg2+ 48.Ke3 Qc2 49.Ned2 c5 50.Rf6+ Kc7
51.Rf5 Kb6 52.Rxh5 Qxa4 53.Ne4 Qc2 54.Rxc5 Qc1+ 55.Nfd2 a4 56.Rb5+ Kc7 57.Ra5 Kb6
58.Ra8 Kb7 59.Rxa4 Qd1 60.Rb4+ Kc7 61.d4 Qh1 62.d5 Qh2 63.Kd3 Qh3+ 64.Kc2 Qa3
65.Rb3 Qa2+ 66.Kd3 Qa8 67.Nf3 Qf8 68.Ke3 Qh6+ 69.Nfg5 Qh1 70.d6+ Kc6 71.Nf3 Qc1+
72.Kd4 Qa1+ 73.Rc3 Qd1+ 74.Ke5 Qh1 75.Nd4+ Kb7 76.Rb3+ Ka8 77.c5 Qh5+ 78.Ke6 Qe8+
79.Kf5 Qh5+ 80.Ng5 Qh1 81.Nge6 Qh5+ 82.Kf6 Qh4+ 83.Kf7 Qh7+ 84.Ke8 Qg8+ 85.Ke7 Qh7+
86.Kd8 Qh8+ 87.Kc7  1-0

[Event "Chianciano tt"]
[Site "Chianciano"]
[Date "1989.??.??"]
[Round "?"]
[White "Ristic, Nenad"]
[Black "Steinfl, Alessandro"]
[Result "1-0"]
[WhiteElo "2465"]
[BlackElo "2290"]

1.e4 c5 2.Nf3 Nc6 3.Bb5 e6 4.O-O Nge7 5.Re1 a6 6.Bxc6 Nxc6 7.d4 cxd4 8.Nxd4 Bc5
9.Be3 Nxd4 10.Bxd4 Qb6 11.Bxc5 Qxc5 12.a4 O-O 13.Ra3 d5 14.exd5 exd5 15.Rg3 Bf5
16.h4 Rfe8 17.c3 Qc4 18.Nd2 Qxh4 19.Rf1 Re7 20.Nf3 Qc4 21.b3 Qd3 22.Qc1 Rae8
23.Nd4 Qe4 24.Qg5 Bg6 25.Re3 h6 26.Qg3 Qxe3 27.fxe3 Rxe3 28.Qc7  1-0

[Event "Capablanca mem"]
[Site "Cienfuegos"]
[Date "1989.??.??"]
[Round "1"]
[White "Djuric, Stefan"]
[Black "Andres, Miguel"]
[Result "1-0"]
[WhiteElo "2475"]
[BlackElo "2380"]

1.e4 c5 2.Nf3 Nc6 3.Bb5 g6 4.O-O Bg7 5.Re1 Nf6 6.e5 Nd5 7.Nc3 Nc7 8.Bxc6 dxc6
9.Ne4 b6 10.Nf6+ Kf8 11.Ne4 Bg4 12.h3 Bxf3 13.Qxf3 Ne6 14.b3 Nd4 15.Qd1 Bxe5
16.c3 Ne6 17.Nxc5 Nxc5 18.Rxe5 Nd3 19.Re3 Qd6 20.Ba3 c5 21.b4 cxb4 22.cxb4 b5
23.Qe2 Rd8 24.Rb1 a5 25.Rb3 Nxb4 26.Qxb5 Qd5 27.Qb6 Rd6 28.Qb8+ Rd8 29.Qf4  1-0

[Event "Copenhagen Obro op"]
[Site "Copenhagen"]
[Date "1989.??.??"]
[Round "2"]
[White "Doery, Jeno"]
[Black "Hartung Nielsen, Jens"]
[Result "1-0"]
[WhiteElo "2360"]
[BlackElo "2275"]

1.e4 c5 2.Nf3 Nc6 3.Bb5 Nf6 4.e5 Nd5 5.Nc3 Nc7 6.Bxc6 dxc6 7.h3 g6 8.O-O Bg7
9.Re1 O-O 10.d3 Ne6 11.Ne4 Qc7 12.Neg5 Rd8 13.Qe2 h6 14.Nxe6 Bxe6 15.b3 Bd5
16.Bb2 Qd7 17.Qe3 Qf5 18.Nh2 Qg5 19.Qxg5 hxg5 20.Re2 Be6 21.Rae1 Kh7 22.Bc1 Bh6
23.Ng4 Bxg4 24.hxg4 Rd5 25.g3 b5 26.Kg2 Rh8 27.Re4 Kg8 28.Bb2 e6 29.a4 b4
30.Bc1 Kf8 31.Rc4 Ke8 32.Be3 Rxe5 33.Rxc5 Rxc5 34.Bxc5 a5 35.Rh1 Kd7 36.Bd4 e5
37.Bxe5 Re8 38.Bd4 Bf8 39.Rh8 c5 40.Bf6 Ke6 41.Bxg5  1-0

[Event "Copenhagen op"]
[Site "Copenhagen"]
[Date "1989.??.??"]
[Round "3"]
[White "Berg, Klaus"]
[Black "Mednis, Edmar John"]
[Result "1/2-1/2"]
[WhiteElo "2390"]
[BlackElo "2450"]

1.e4 c5 2.Nf3 Nc6 3.Bb5 g6 4.O-O Bg7 5.c3 Nf6 6.Re1 O-O 7.d4 cxd4 8.cxd4 d5
9.e5 Ne4 10.Nc3 Bf5 11.Nh4 Bd7 12.Bd3 f5 13.f3 Nxc3 14.bxc3 Na5 15.e6 Be8  1/2-1/2

[Event "Copenhagen op"]
[Site "Copenhagen"]
[Date "1989.??.??"]
[Round "5"]
[White "Kruszynski, Wlodzimierz"]
[Black "Holmsgaard, Henrik"]
[Result "0-1"]
[WhiteElo "2370"]
[BlackElo "2280"]

1.e4 c5 2.Nf3 Nc6 3.Bb5 g6 4.O-O Bg7 5.Re1 Nf6 6.c3 O-O 7.h3 e5 8.d3 d6 9.Nbd2 Nh5
10.Nf1 h6 11.Be3 Qe7 12.Qd2 Kh7 13.g4 Nf6 14.Ng3 Nxg4 15.hxg4 Bxg4 16.Nh2 Be6
17.f4 Qh4 18.Qf2 f5 19.Bc4 Bxc4 20.dxc4 exf4 21.Qxf4 Qh3 22.Ngf1 Ne5 23.exf5 gxf5
24.Rad1 Rf6 25.Ng3 Rg6 26.Nf1 Rf8 27.Qf2 Ng4 28.Qg2 Qxg2+ 29.Kxg2 Nxe3+ 30.Rxe3 f4
31.Re7 fxg3 32.Nxg3 h5 33.Rh1 Rf5 34.Rh3 Kh6 35.Kh1 Rfg5 36.Ne2 Be5 37.Rf3 Rg2
38.Nf4 Rg1+ 39.Kh2 R1g2+ 40.Kh3 Bxf4 41.Rxf4 Rxb2 42.Rff7 Rxa2 43.Rxb7 Rc2
44.Rf3 a5 45.Ra7 Ra2 46.Rd3 Ra1 47.Kh2 Ra4 48.Kh3 Rxc4 49.Rxa5 Re4 50.Ra6 Re1
51.Kh2 Ree6 52.Rd5 Re2+ 53.Kh3 Re3+ 54.Kh2 Rxc3 55.Raxd6 Rxd6 56.Rxd6+ Kg5
57.Rd8 Kf4 58.Rh8 Re3 59.Rxh5 Re5 60.Rh8 Ke4 61.Kg3 Rf5  0-1

[Event "Copenhagen op"]
[Site "Copenhagen"]
[Date "1989.??.??"]
[Round "8"]
[White "Franzen, Jozef"]
[Black "Thorsteins, Karl"]
[Result "1-0"]
[WhiteElo "2345"]
[BlackElo "2430"]

1.e4 c5 2.Nf3 Nc6 3.Bb5 g6 4.O-O Bg7 5.c3 Nf6 6.Re1 a6 7.Bxc6 dxc6 8.h3 O-O
9.d4 cxd4 10.cxd4 c5 11.d5 b5 12.Bf4 Bb7 13.Nbd2 Nd7 14.Qc2 c4 15.Be3 Rc8
16.Bd4 Bxd4 17.Nxd4 Nc5 18.N2f3 Qb6 19.Qd2 e5 20.Nxe5 Rfe8 21.Ndf3 f6 22.Ng4 Nxe4
23.Qf4 f5 24.Nfe5 fxg4 25.Rxe4 Bxd5 26.Rd4 Rf8 27.Qxg4 Be6 28.Qh4 Rcd8 29.Rad1 Rxd4
30.Rxd4 Qc7 31.Nf3 c3 32.bxc3 Bxa2 33.Ng5 Qe7 34.Kh2 a5 35.f4 a4 36.Qg4 Qf6
37.Qd7 Qg7 38.Qxb5 Bb3 39.h4 Qc7 40.g3 Qxc3 41.Qd7 Bf7 42.Rxa4 Qb2+ 43.Kh3 Qc1
44.Kh2 Qb2+ 45.Kh3 Qc1 46.Qb7 Qf1+ 47.Qg2 Qd1 48.Ra5 Bc4 49.Kh2 Qb1 50.Ra8 h6
51.Rxf8+ Kxf8 52.Qa8+ Ke7 53.Qa7+ Kd6 54.Qd4+ Bd5 55.Nf7+ Kc6 56.Nd8+ Kd6
57.Qe5+ Kc5 58.Ne6+  1-0

[Event "Copenhagen Obro op"]
[Site "Copenhagen"]
[Date "1989.??.??"]
[Round "9"]
[White "Brynell, Stellan"]
[Black "Hartung Nielsen, Jens"]
[Result "1-0"]
[WhiteElo "2485"]
[BlackElo "2275"]

1.e4 c5 2.Nf3 Nc6 3.Bb5 g6 4.O-O Bg7 5.c3 e5 6.d4 cxd4 7.cxd4 exd4 8.Bf4 Nge7
9.Bd6 O-O 10.Nbd2 a6 11.Ba4 Kh8 12.Re1 f6 13.Nf1 Ne5 14.Rc1 b5 15.Bb3 Nxf3+
16.Qxf3 Bb7 17.Qd3 Nc6 18.Bxf8 Qxf8 19.Ng3 Qd6 20.Rcd1 Rf8 21.Bd5 f5 22.Bxc6 Bxc6
23.exf5 gxf5 24.f3 Qd5 25.b3 b4 26.Qxa6 Bb5 27.Qa5 f4 28.Ne2 Ra8 29.Nxf4 Qc6
30.Qxb4 d6 31.a4 Ba6 32.Rxd4  1-0

[Event "CUB-ch"]
[Site "?"]
[Date "1989.??.??"]
[Round "10"]
[White "Lugo, Blas"]
[Black "Armas, Jorge"]
[Result "1-0"]
[WhiteElo "2340"]
[BlackElo "2385"]

1.e4 c5 2.Nf3 Nc6 3.Bb5 Qb6 4.Bxc6 Qxc6 5.Nc3 Nf6 6.Qe2 d6 7.d4 Bg4 8.dxc5 d5
9.exd5 Nxd5 10.Ne4 e6 11.h3 Bxf3 12.Qxf3 Bxc5 13.O-O O-O 14.c4 Nb4 15.Nxc5 Qxc5
16.b3 Nc2 17.Rb1 b6 18.Bb2 Rad8 19.Rfd1 e5 20.Rd5 Rxd5 21.cxd5 Nb4 22.Ba3 a5
23.Rc1 Qd4 24.Rd1 Qc5 25.d6 f6 26.Qf5 Qc8 27.d7 Qd8 28.Qe6+ Rf7 29.Bxb4 axb4
30.Rc1  1-0

[Event "Dieren op"]
[Site "Dieren"]
[Date "1989.??.??"]
[Round "1"]
[White "Bierenbroodspot, Paul"]
[Black "Carlier, Bruno"]
[Result "0-1"]
[WhiteElo "2275"]
[BlackElo "2415"]

1.e4 c5 2.Nf3 Nc6 3.Bb5 g6 4.O-O Bg7 5.c3 a6 6.Bxc6 dxc6 7.h3 Nf6 8.Re1 O-O
9.d4 cxd4 10.cxd4 c5 11.Nc3 cxd4 12.Nxd4 e5 13.Nc2 b5 14.Bg5 Bb7 15.Qf3 Qb6
16.Nb4 Rac8 17.Rad1 Rc4 18.Nbd5 Nxd5 19.Nxd5 Bxd5 20.Rxd5 Qa5 21.Red1 Qxa2
22.Rd8 Rd4 23.Rxf8+ Bxf8 24.b3 Qc2 25.Rc1 Qxe4 26.Qxe4 Rxe4 27.Bf6 Rf4 28.Rc6 a5
29.g3 Rf3 30.Kg2 e4 31.g4 h6 32.h4 Bg7 33.Bxg7 Kxg7 34.Ra6 Rxb3 35.Rxa5 Kf6
36.Ra6+ Ke5 37.Ra7 f5 38.Rh7 Kf4 39.gxf5 gxf5 40.Rxh6 Rb2 41.Re6 Kg4 42.Re5 Kxh4
43.Rxf5 e3 44.Kf1 Kg4 45.Re5 exf2 46.Rc5 Kf4 47.Rc3 b4 48.Rh3 Ke4  0-1

[Event "Eger op"]
[Site "Eger"]
[Date "1989.??.??"]
[Round "?"]
[White "Fette, Martin"]
[Black "Kozma, Karoly"]
[Result "1-0"]
[WhiteElo "2360"]
[BlackElo "2290"]

1.e4 c5 2.Nf3 Nc6 3.Bb5 d6 4.O-O a6 5.Bxc6+ bxc6 6.d4 cxd4 7.Qxd4 e5 8.Qd3 Be7
9.c4 Nf6 10.Nc3 O-O 11.Bg5 Qc7 12.Rad1 Rd8 13.Rd2 h6 14.Bxf6 Bxf6 15.Rfd1 a5
16.Qe3 Bg4 17.Rd3 Be7 18.b3 Be6 19.h3 a4 20.Nxa4 Bxc4 21.Rc3 Bb5 22.Qc1 Rdc8
23.Qc2 Qa5 24.Nd2 Bxa4 25.bxa4 Qxa4 26.Nc4 Qxc2 27.Rxc2 Ra4 28.Nb6 Rca8 29.Nxa8 Rxa8
30.Rxc6 Rxa2 31.Rc8+ Kh7 32.Rc7 Bg5 33.Rxf7 Re2 34.Rxd6 Bh4 35.g3  1-0

[Event "Eger op"]
[Site "Eger"]
[Date "1989.??.??"]
[Round "?"]
[White "Fette, Martin"]
[Black "Kiss, Pal"]
[Result "1-0"]
[WhiteElo "2360"]
[BlackElo "2315"]

1.e4 c5 2.Nf3 Nc6 3.Bb5 g6 4.O-O Bg7 5.c3 e5 6.d4 cxd4 7.cxd4 exd4 8.Bf4 Nge7
9.Bd6 O-O 10.Nbd2 a6 11.Bc4 b5 12.Bb3 Na5 13.Rc1 Nxb3 14.Nxb3 Bb7 15.Nc5 Bc6
16.Nxd4 Re8 17.Re1 Nc8 18.Bg3 Nb6 19.b3 Ra7 20.Qd2 Ba8 21.Bd6 Bf8 22.Bxf8 Rxf8
23.Red1 Qb8 24.Qh6 d5 25.Rc3 Qe5 26.f4 Qg7 27.Qxg7+ Kxg7 28.e5 Bb7 29.Rdc1 Bc8
30.Nd3 Bd7 31.Rc7 Rxc7 32.Rxc7  1-0

[Event "Eger op"]
[Site "Eger"]
[Date "1989.??.??"]
[Round "?"]
[White "Levacic, Damir"]
[Black "Dena, Branislav"]
[Result "0-1"]
[WhiteElo "2340"]
[BlackElo "2270"]

1.e4 c5 2.Nf3 Nc6 3.Bb5 a6 4.Bxc6 bxc6 5.d4 cxd4 6.Qxd4 d6 7.Bg5 Qc7 8.O-O e5
9.Qd3 h6 10.Bh4 Ne7 11.c4 Ng6 12.Bg3 Be7 13.Nc3 Be6 14.Rac1 O-O 15.b4 f5
16.exf5 Bxf5 17.Ne4 Qb7 18.Nfd2 a5 19.a3 axb4 20.axb4 Qxb4 21.Rb1 Qa5 22.Rb7 Qa2
23.Rxe7 Nxe7 24.Qxd6 Bxe4 25.Qe6+ Kh7 26.Nxe4 Ng6 27.h4 Rae8 28.Qxc6 Rc8
29.Qd7 Rxc4 30.Nd6 Rd4 31.h5 Nf4 32.Qe7 Ne2+ 33.Kh2 Nxg3 34.Qxf8 Nxf1+ 35.Kg1 Rf4  0-1

[Event "Eger op"]
[Site "Eger"]
[Date "1989.??.??"]
[Round "?"]
[White "Levacic, Damir"]
[Black "Seres, Lajos"]
[Result "0-1"]
[WhiteElo "2340"]
[BlackElo "2200"]

1.e4 c5 2.Nf3 Nc6 3.Bb5 g6 4.O-O Bg7 5.c3 Nf6 6.Re1 a6 7.Bxc6 dxc6 8.a4 Bg4
9.h3 Bxf3 10.Qxf3 Nd7 11.d4 cxd4 12.cxd4 Bxd4 13.Bh6 Ne5 14.Qg3 Nd3 15.Re2 Be5
16.f4 Bxb2  0-1

[Event "Eger op"]
[Site "Eger"]
[Date "1989.??.??"]
[Round "?"]
[White "Fette, Martin"]
[Black "Levacic, Patrick"]
[Result "1/2-1/2"]
[WhiteElo "2360"]
[BlackElo "2250"]

1.e4 c5 2.Nf3 Nc6 3.Bb5 g6 4.O-O Bg7 5.c3 Nf6 6.Re1 O-O 7.d4 cxd4 8.cxd4 d5
9.e5 Ne4 10.Nc3 Nxc3 11.bxc3 Na5 12.Bg5 f6 13.exf6 exf6 14.Bf4 Bd7 15.Bd3 Rc8
16.Qd2 Nc4 17.Qc1 Rf7 18.Bxc4 Rxc4 19.Qa3 Bf8 20.Qxa7 g5 21.Bg3 Rxc3 22.Qxb7 Bg4
23.Qb5 Qd7 24.Qxd7 Rxd7 25.a4 Rc4 26.h4 Bxf3 27.gxf3 Rxd4 28.hxg5 fxg5 29.a5 Bc5
30.a6 Rd2 31.Rf1 Rf7 32.Rac1 Bd4 33.Rcd1 Rxd1 34.Rxd1 Ba7 35.Rxd5 Rxf3 36.Rd8+ Rf8
37.Rd7 Ra8 38.Rb7 Bxf2+ 39.Bxf2 Rxa6  1/2-1/2

[Event "Espoo op"]
[Site "Espoo"]
[Date "1989.??.??"]
[Round "7"]
[White "Warwaszynski, Zbigniew"]
[Black "Hurme, Harri M"]
[Result "0-1"]
[WhiteElo "2325"]
[BlackElo "2255"]

1.e4 c5 2.Nf3 Nc6 3.Bb5 g6 4.O-O Bg7 5.c3 Nf6 6.Re1 O-O 7.d4 cxd4 8.cxd4 d5
9.e5 Ne8 10.h3 Nc7 11.Bxc6 bxc6 12.Nc3 f6 13.Na4 g5 14.exf6 exf6 15.Qc2 Qd6
16.Bd2 Bd7 17.Qc5 Qxc5 18.Nxc5 Be8 19.Ba5 Rf7 20.Re3 Nb5 21.Rae1 Nd6 22.Re6 Bf8
23.b3 Kg7 24.g4 Rc8 25.Nd2 Bd7 26.R6e2 Nb5 27.Nxd7 Rxd7 28.Nf3 Ba3 29.b4 Kf7
30.Re3 h5 31.Rd3 hxg4 32.hxg4 Re7 33.Rxe7+ Kxe7 34.Nd2 Rh8 35.Kg2 Bc1 36.a4 Nd6
37.Nf1 Kd7 38.Rc3 Bb2 39.Rd3 Nc4 40.Ne3 Nxa5 41.bxa5 Rb8 42.Nf5 Rb4 43.Rh3 Bxd4
44.Rh7+ Kd8 45.Rh8+ Kc7 46.Rh7+ Kb8 47.Rh8+ Kb7 48.Rh7+ Ka6 49.Rc7 Kxa5 50.Rxc6 Be5
51.Ne3 Rxa4 52.Rc5+ Kb6 53.Rxd5 Rd4 54.Kf3 Rxd5 55.Nxd5+ Kc5 56.Ke4 a5 57.f4 gxf4
58.g5 f3 59.g6 f2 60.Ne3 Bd4 61.Nf1 f5+ 62.Kf3 Kd5 63.g7 Bxg7 64.Kxf2 a4
65.Ne3+ Ke4 66.Nc4  0-1

[Event "FRA-chT"]
[Site "?"]
[Date "1989.??.??"]
[Round "?"]
[White "Dezan, Pierre"]
[Black "Chevallier, Didier"]
[Result "1-0"]
[WhiteElo "2240"]
[BlackElo "2255"]

1.e4 c5 2.Nf3 Nc6 3.Bb5 g6 4.O-O Bg7 5.c3 e5 6.d4 cxd4 7.cxd4 exd4 8.Bf4 Nge7
9.Bd6 O-O 10.Nbd2 Re8 11.Ng5 Ne5 12.f4 N7c6 13.Nxh7 Kxh7 14.fxe5 Nxe5 15.Nc4 d3
16.Kh1 Qh4 17.Nxe5 Bxe5 18.Bxe5 Rxe5 19.Rxf7+ Kg8 20.Qf3 Qxe4 21.Rf8+ Kh7
22.Qxe4 Rxe4 23.Bxd3 Rd4 24.Be2 Kg7 25.Rd8 Rf4 26.Rf1 Rxf1+ 27.Bxf1 Kf7 28.Bd3 d5
29.Kg1 Ke7 30.Rh8 Kf6 31.Be2 b6 32.Rf8+ Kg5 33.h4+ Kxh4 34.Ba6 Bxa6 35.Rxa8 Bd3
36.Rxa7 Kg4 37.Kf2 Kf4 38.a4 Bc2 39.Ra6 d4 40.Rxb6 d3 41.Rb4+ Ke5  1-0

[Event "FRA-chJM"]
[Site "FRA"]
[Date "1989.??.??"]
[Round "2"]
[White "Fruteau, Sabine"]
[Black "Dubreuil, Nicolas"]
[Result "0-1"]
[WhiteElo "2005"]
[BlackElo "2030"]

1.e4 c5 2.Nf3 Nc6 3.Bb5 e6 4.O-O Nge7 5.Re1 a6 6.Bf1 d5 7.exd5 Nxd5 8.Nc3 Be7
9.d3 O-O 10.Ne4 e5 11.c3 h6 12.Ng3 Bf6 13.h3 Qc7 14.Nh5 Be7 15.Qe2 Bd6 16.Nh4 f5
17.Qf3 Qf7 18.Ng3 Nc7 19.Qd1 Be6 20.Be2 g5 21.Bh5 Qg7 22.Nf3 Rad8 23.Qc2 Nd5
24.Nh2 Kh8 25.Bf3 Qc7 26.Nhf1 Nf6 27.Nh5 g4 28.Nxf6 gxf3 29.Nh5 fxg2 30.Nfg3 Qf7
31.Bxh6 Rg8 32.Qe2 Rg6 33.Bd2 f4 34.Ne4 Bxh3 35.Nhf6 Rh6 36.Qf3 Be7 37.Bxf4 exf4
38.Qxf4 Qg7 39.Re3 Bxf6 40.Nxf6 Rxf6 41.Rxh3+ Kg8 42.Qe4 Rg6 43.Re1 Qf7 44.Ree3 Rd5
45.Qh4 Qg7 46.Re8+ Kf7 47.Qe4 Re5 48.Rxe5 Qxe5 49.Rh7+ Rg7 50.Rxg7+ Kxg7
51.Qxg2+ Kf6 52.Kf1 Qf4 53.Qh3 Qc1+ 54.Kg2 Qxb2 55.Qh8+ Ke7 56.Qg7+ Kd8 57.Qg5+ Kc7
58.Qxc5 Qxa2 59.d4 Qa5 60.Qc4 Qb5 61.Qf7+ Kd6 62.Qf6+ Kd5 63.Qf7+ Kd6 64.Qf6+ Kd7
65.Qf7+ Ne7 66.c4 Qc6+  0-1

[Event "Frunze op"]
[Site "Frunze"]
[Date "1989.??.??"]
[Round "?"]
[White "Lukin, Andrei M"]
[Black "Minasian, Artashes"]
[Result "1/2-1/2"]
[WhiteElo "2450"]
[BlackElo "2485"]

1.e4 c5 2.Nf3 Nc6 3.Bb5 g6 4.c3 Bg7 5.O-O Nf6 6.Re1 O-O 7.d4 cxd4 8.cxd4 d5
9.e5 Ne4 10.Nc3 Nxc3 11.bxc3 Bd7 12.Bxc6 Bxc6 13.Bf4 Rc8 14.Qd2 Bd7 15.Bh6 Bg4
16.Bxg7 Kxg7 17.Re3 Bxf3 18.Rxf3 Rc6 19.Re1 Qd7 20.Rh3 h5 21.Qg5 Rh8 22.e6 Rxe6
23.Rxe6 Qxe6 24.Re3 Qd6  1/2-1/2

[Event "Frunze"]
[Site "Frunze"]
[Date "1989.??.??"]
[Round "?"]
[White "Makarichev, Sergey"]
[Black "Andonov, Bogomil"]
[Result "1/2-1/2"]
[WhiteElo "2510"]
[BlackElo "2380"]

1.e4 c5 2.Nf3 Nc6 3.Bb5 Nf6 4.Nc3 g6 5.e5 Ng4 6.Bxc6 dxc6 7.h3 Nh6 8.g4 f5
9.exf6 exf6 10.d3 Nf7 11.Be3 b6 12.Qe2 Qe7  1/2-1/2

[Event "Peer Gynt"]
[Site "Gausdal"]
[Date "1989.??.??"]
[Round "?"]
[White "Pavlovic, Milos"]
[Black "Rausis, Igors"]
[Result "0-1"]
[WhiteElo "2385"]
[BlackElo "2450"]

1.e4 c5 2.Nf3 Nc6 3.Bb5 e5 4.O-O Bd6 5.c3 Qf6 6.d3 h6 7.Be3 Nge7 8.Na3 a6
9.Bxc6 dxc6 10.Nc4 Ng6 11.Nfd2 Bc7 12.Qf3 Qe7 13.Nb3 b6 14.d4 Be6 15.Qe2 exd4
16.cxd4 Qh4 17.f4 Nxf4 18.Bxf4 Bxf4 19.g3 Bxg3 20.hxg3 Qxg3+ 21.Kh1 Bxc4
22.Qxc4 O-O 23.Rae1 Qh4+ 24.Kg1 Rae8 25.e5 Qg3+ 26.Kh1 Qh3+ 27.Kg1 Re6 28.Re2 Rg6+
29.Kf2 Qg3+  0-1

[Event "BL2-N8889"]
[Site "Germany"]
[Date "1989.??.??"]
[Round "?"]
[White "Meier, Volker"]
[Black "Schirm, Friedmar"]
[Result "1-0"]
[WhiteElo "2300"]
[BlackElo "2275"]

1.e4 c5 2.Nf3 Nc6 3.Bb5 g6 4.O-O Bg7 5.c3 Nf6 6.Re1 O-O 7.d4 cxd4 8.cxd4 d5
9.e5 Ne4 10.Nc3 Nxc3 11.bxc3 Qa5 12.a4 Bg4 13.Re3 Rac8 14.h3 Bxf3 15.Rxf3 a6
16.Bf1 f6 17.exf6 Rxf6 18.Rb1 Rxf3 19.Qxf3 Rf8 20.Qe3 Qxa4 21.Rxb7 Kh8 22.Rc7 Bf6
23.g3 Na5 24.Qe6 Qc2 25.Bf4 Nc4 26.Qxd5 Nd2 27.Bxa6 Ne4 28.Be3 Nxc3 29.Qd7 Qb1+
30.Kh2 Qe1 31.Rc8 Rxc8 32.Qxc8+ Kg7 33.Bc4  1-0

[Event "BL2-SW8889"]
[Site "Germany"]
[Date "1989.??.??"]
[Round "?"]
[White "Werner, Clemens"]
[Black "Trauth, Michael"]
[Result "1-0"]
[WhiteElo "2265"]
[BlackElo "2275"]

1.e4 c5 2.Nf3 Nc6 3.Bb5 g6 4.O-O Bg7 5.c3 Nf6 6.d4 cxd4 7.cxd4 d5 8.e5 Ne4
9.Ne1 Qb6 10.Bxc6+ bxc6 11.f3 Ba6 12.fxe4 Bxf1 13.Kxf1 dxe4 14.Nc3 Rd8 15.Qe2 Qxd4
16.Bf4 O-O 17.Nxe4 Rb8 18.Nd3 Rbd8 19.Nef2 Rd5 20.Rc1 f6 21.Be3 Qh4 22.Kg1 fxe5
23.Nc5 Bh6 24.g3 Bxe3 25.gxh4 Bxf2+ 26.Qxf2 Rxf2 27.Kxf2 Rd2+ 28.Kg3 Rxb2
29.a4 Kf7 30.Rf1+ Kg7 31.Re1 Kf6 32.Nd7+ Ke6 33.Nxe5 Kd5 34.Nf3 Kd6 35.Rd1+ Kc5
36.Rd7 a5 37.Rxe7 Rb4 38.Rxh7 Rxa4 39.Rg7 Re4 40.Rxg6 a4 41.Rg8 a3 42.Ra8 Kb4
43.h5 c5 44.h6 Re7 45.Kf4 Rf7+ 46.Kg4 Kb3 47.Ng5 Rd7 48.h7 Rxh7 49.Nxh7 c4
50.Ng5 c3 51.Nf3 a2 52.Nd4+ Kb2 53.h4  1-0

[Event "BL2-SW8889"]
[Site "Germany"]
[Date "1989.??.??"]
[Round "?"]
[White "Huisl, Wolfgang"]
[Black "Stromer, Alexander"]
[Result "1-0"]
[WhiteElo "2335"]
[BlackElo "2310"]

1.e4 c5 2.Nf3 Nc6 3.Bb5 Qb6 4.Nc3 e6 5.Bxc6 bxc6 6.d3 d5 7.O-O Nf6 8.e5 Nd7
9.Re1 Be7 10.b3 O-O 11.Na4 Qc7 12.Ba3 Re8 13.Qd2 Rb8 14.c4 Bb7 15.Rac1 Rbc8
16.Qe3 Qa5 17.Bb2 Qd8 18.Ba3 Qa5 19.Bb2 d4 20.Qd2 Qd8 21.Ba3 Bf8 22.Re4 f6
23.exf6 gxf6 24.Rce1 e5 25.Nh4 Qe7 26.Qe2 Qf7 27.Nf5 Rc7 28.Qf3 Kh8 29.Rh4 Bc8
30.Ree4 Qg6 31.Rh5 a6 32.Reh4 e4 33.Rxh7+ Qxh7 34.Rxh7+ Kxh7 35.Qh5+ Kg8
36.Qg6+ Kh8 37.Qxe8 exd3 38.Bc1  1-0

[Event "Gleisdorf"]
[Site "Gleisdorf"]
[Date "1989.??.??"]
[Round "8"]
[White "Wallner, Walter"]
[Black "Wegerer, Fred"]
[Result "1/2-1/2"]
[WhiteElo "2350"]
[BlackElo "2250"]

1.e4 c5 2.Nf3 Nc6 3.Bb5 e6 4.O-O Nge7 5.b3 Ng6 6.Bb2 f6 7.d4 cxd4 8.Nxd4 Bc5
9.c3 O-O 10.Nd2 a6 11.Be2 Qc7 12.g3 b5 13.Nxc6 dxc6 14.b4 Be7 15.Qc2 e5 16.Nb3 Bh3
17.Rfd1 Kh8  1/2-1/2

[Event "Gran Canaria-ch"]
[Site "Gran Canaria"]
[Date "1989.??.??"]
[Round "?"]
[White "Villavicencio, Adalberto"]
[Black "Sarmiento, Braulio Alfonso"]
[Result "1-0"]
[WhiteElo "2325"]
[BlackElo "2280"]

1.e4 c5 2.Nf3 Nc6 3.Bb5 Qb6 4.a4 g6 5.O-O Bg7 6.c3 a6 7.Bc4 e6 8.d3 Nge7
9.Nbd2 Qc7 10.Bb3 O-O 11.Nc4 d5 12.Ne3 Rd8 13.Qe2 d4 14.cxd4 Nxd4 15.Nxd4 Bxd4
16.Ng4 h5 17.Ne3 Nc6 18.Nc4 Na5 19.Nxa5 Qxa5 20.Kh1 Bd7 21.Bg5 Re8 22.f4 Qb4
23.Qc2 Kg7 24.e5 Qa5 25.Bf6+ Kh7 26.f5 Bc6 27.fxg6+ fxg6 28.Rf4 b5 29.Rxd4 cxd4
30.Qxc6  1-0

[Event "Groningen"]
[Site "Groningen"]
[Date "1989.??.??"]
[Round "?"]
[White "Martinovic, Slobodan"]
[Black "Spasov, Vasil"]
[Result "0-1"]
[WhiteElo "2460"]
[BlackElo "2430"]

1.e4 c5 2.Nf3 Nc6 3.Bb5 g6 4.c3 Nf6 5.Qe2 Bg7 6.O-O O-O 7.e5 Nd5 8.Qc4 Nc7
9.Bxc6 dxc6 10.Qxc5 Bg4 11.d4 Bxf3 12.gxf3 f6 13.f4 Qd7 14.Qc4+ Nd5 15.f3 Bh6
16.Na3 Kh8 17.Qe2 Nxf4 18.Bxf4 Bxf4 19.e6 Qd5 20.Nc2 Rad8 21.Kh1 Qh5 22.Nb4 g5
23.Nd3 Bd6 24.Rad1 Rg8 25.Rg1 Rg6 26.Rg2 Rdg8 27.Rdg1 Rh6 28.c4 Qh4 29.Qe4 Qxh2+  0-1